02034nam a22001697a 4500082000800000100003500008245009300043264003500136300002500171500140500196650003601601700004401637856005701681942001301738999001901751952009401770 a621 a Ali, Muhammad Junaid 9129242 aOptimal Expansion of Interface Dynamics for Substructure Coupling /cMuhammad Junaid Ali aIslamabad :bIslamabad :c2025 a251p.bsoft copyc30 aThis thesis introduces a novel methodology for optimal interface expansion in dynamic substructuring, focusing on inaccessible and continuous interfaces. Unlike traditional approaches relying on modal parameters from Frequency Response Functions (FRFs), it employs a direct frequency-based method targeting interface Degrees of Freedom (DoFs), bypassing errors linked to modal identification. The System Equivalent Model Mixing (SEMM) technique is utilized to expand dynamics at the interface by integrating numerical and experimental models into a mixed model. Coherence is employed as a robust correlation metric, evaluating both phase and magnitude of FRFs. This research addresses optimal sensor placement (OSP) for effective expansion, testing nineteen stochastic metaheuristics categorized into swarm intelligence, surrogate algorithms, and physicsinspired methods to alleviate computational challenges of exhaustive searches. The Mountain Gazelle Optimizer (MGO) algorithm proved highly efficient for larger systems, while exhaustive search was effective for smaller cases. Validation involved cantilevered beam models and experimental setups, demonstrating strong correlation at interface DoFs. MGO proved to be 49 times faster than exhaustive search in identifying optimal sensor locations. The proposed methodology showcases practical applicability in achieving accurate dynamic expansions. aMS Mechanical Engineering  aSupervisor: Dr. Muhammad Safdar9119644 uhttp://10.250.8.41:8080/xmlui/handle/123456789/53336 2ddccTHE c613930d613930 00104070aSMMEbSMMEcEBd2025-06-26l0o621pSMME-TH-1138r2025-06-26w2025-06-26yTHE